000 00632nam 22001933 4500
001 200719
090 _a200719
100 _a20260224d u||y0pory50 ba
200 _aA herança de Hölderlin
_fDiogo Pires Aurélio
210 _aLisboa
_cAssírio & Alvim
_dimp. 1978
215 _a63, [4] p.
_cbrochado
_d20 cm
225 _aCadernos peninsulares. Literatura
_v15
305 _a. - Oferta com dedicatória ao Prof. Dr. Almeida Faria
606 _923
_aLiteratura Portuguesa
_xPoesia
675 _a821.134.3-1Aurélio
_vPT
_zpor
700 _97927
_aAurélio
_bDiogo Pires
_f1946-
801 _aPT
_bBMMN
_gRPC
830 _cAna
_fAna
990 _cLIVROS